The adventures of Sherlock Holmes
For generations, readers have enjoyed classic literature. They have delighted in the romance of Jane Austen, thrilled at the adventures of Jules Verne, and pondered the lessons of Aesop. Introduce young readers to these familiar volumes with Great Illustrated Classics. In this series, literary maste...
Gespeichert in:
| 1. Verfasser: | |
|---|---|
| Format: | Buch |
| Sprache: | Undetermined |
| Veröffentlicht: |
Oxford
Oxford University Press
1992
|
| Schlagworte: | |
| Tags: |
Tag hinzufügen
Keine Tags, Fügen Sie den ersten Tag hinzu!
|
| Thư viện lưu trữ: | Trung tâm Học liệu Trường Đại học Cần Thơ |
|---|
| LEADER | 01127nam a2200229Ia 4500 | ||
|---|---|---|---|
| 001 | CTU_42469 | ||
| 008 | 210402s9999 xx 000 0 und d | ||
| 020 | |b 39.000đ | ||
| 020 | |c 39000 | ||
| 082 | |a 823.9 | ||
| 082 | |b D754 | ||
| 100 | |a Doyle, Arthur Conan | ||
| 245 | 4 | |a The adventures of Sherlock Holmes | |
| 245 | 0 | |c Arthur Conan Doyle ; | |
| 260 | |a Oxford | ||
| 260 | |b Oxford University Press | ||
| 260 | |c 1992 | ||
| 520 | |a For generations, readers have enjoyed classic literature. They have delighted in the romance of Jane Austen, thrilled at the adventures of Jules Verne, and pondered the lessons of Aesop. Introduce young readers to these familiar volumes with Great Illustrated Classics. In this series, literary masterworks have been adapted for young scholars. Large, easy-to-read type and charming pen-and-ink drawings enhance the text. Students are sure to enjoy becoming acquainted with traditional literature through these well-loved classics | ||
| 650 | |a English language,English | ||
| 650 | |x Reading | ||
| 904 | |i Minh, Huỳnh Mai | ||
| 980 | |a Trung tâm Học liệu Trường Đại học Cần Thơ | ||